书目信息 |
| 题名: |
平顶山土地资源
|
|
| 作者: | 王少安 编著 | |
| 分册: | ||
| 出版信息: | 西安 西安地图出版社 2001.09 |
|
| 页数: | 160页 | |
| 开本: | 26cm | |
| 丛书名: | ||
| 单 册: | ||
| 中图分类: | F323.21 | |
| 科图分类: | ||
| 主题词: | 农业经济--中国 | |
| 电子资源: | ||
| ISBN: | 7-80670-108-7 | |
| 000 | 00561nam0 2200193 45 | |
| 001 | 0336057751 | |
| 005 | 2003022610005748 | |
| 010 | @a7-80670-108-7@dRMB 25.00 | |
| 100 | @a20030226d2001 km y0chiy0120 ea | |
| 101 | 0 | @achi |
| 102 | @aCN@b610000 | |
| 200 | 1 | @a平顶山土地资源@Aping ding shan tu di zi yuan@f王少安等编著@Fwang shao an deng bian zhu |
| 210 | @a西安@c西安地图出版社@d2001.09 | |
| 215 | @a160页@d26cm | |
| 606 | 0 | @a农业经济@x中国 |
| 690 | @aF323.21@v3 | |
| 701 | 0 | @a王少安@Awang shao an@4编著 |
| 801 | 0 | @aCN@bPFT@c20030226 |
| 905 | @dF323.21@eW330 | |
| 平顶山土地资源/王少安等编著.-西安:西安地图出版社,2001.09 |
| 160页;26cm |
| ISBN 7-80670-108-7:RMB 25.00 |
| ● |
| 相关链接 |
|
|
|
正题名:平顶山土地资源
索取号:F323.21/W330
 
预约/预借
| 序号 | 登录号 | 条形码 | 馆藏地/架位号 | 状态 | 备注 |
| 1 | 364381 | 203643815 | 特藏库/ [索取号:F323.21/W330] | 在馆 | |
| 2 | 364382 | 203643824 | 社科库409/409社科库 33排3列2层/ [索取号:F323.21/W330] | 在馆 | |
| 3 | 364383 | 203643833 | 社科库409/409社科库 33排3列2层/ [索取号:F323.21/W330] | 在馆 |